000 00645nam a22001817a 4500
005 20240205171028.0
010 _aENG-139127
020 _c1200.00
_a9789390746743
035 _aEN-122659
037 _bDBAD/PUB
082 _a658.4
100 _aBenedict Ezeifekwuab Tochukwu
_961676
245 _aCURRENT GLOBAL TREND ON CORPORATE GOVERNANCE:
_bChallenges,Opportunities and Issues/
_cBy Ezeifekwuab Tochukwu Benedict
260 _akolkata
_bExceller Books A Global Press
_c2021
270 _bkolkata
_ag1 Dream Apartment,Degree College Road ,Belgharia
_e700056
300 _a272p.
_c9cm(pb)
942 _2ddc
_cEN
_mBEN
_h658.4
999 _c200557
_d200557